First Names of Scientists - Statistics

General Stats
  • This quiz has been taken 81 times
  • The average score is 11 of 20
Answer Stats
Hint Answer % Correct
Einstein (1879-1955) Albert
99%
Newton (1643-1727) Isaac
99%
Galilei (1564-1642) Galileo
96%
Tesla (1856-1943) Nikola
81%
Turing (1912-1954) Alan
78%
Planck (1858-1947) Max
72%
Faraday (1791-1867) Michael
64%
Dalton (1766-1844) John
54%
Feynman (1918-1988) Richard
54%
Lovelace (1815-1852) Ada
51%
Jenner (1749-1823) Edward
49%
Schrödinger (1887-1961) Erwin
43%
Mendeleev (1834-1907) Dmitri
36%
Heisenberg (1901-1976) Werner
36%
Lavoisier (1743-1794) Antoine
34%
Franklin (1920-1958) Rosalind
34%
Chadwick (1891-1974) James
31%
Priestley (1733-1804) Joseph
25%
Hertz (1857-1894) Heinrich
22%
Noether (1882-1935) Emmy
18%
No matching quizzes found
Score Distribution
Percent of People with Each Score
Percentile by Number Answered
Your Score History
You have not taken this quiz